Zhodnotenie prvého programovacieho obdobia v oblasti čerpania finančných prostriedkov z Európskej únie bakalárska práca

Na minha lista:
Detalhes bibliográficos
Autor principal: Ondrášková, Katarína
Autor Corporativo: Národohospodárska fakulta EU. Katedra sociálneho rozvoja a práce
Outros Autores: Poluchová, Ivana
Formato: Livro
Idioma:eslovaco
Publicado em: Bratislava 2011
Tags: Adicionar Tag
Sem tags, seja o primeiro a adicionar uma tag!

MARC

LEADER 00000nbm a2200000 4500
001 0139607
005 20161109111633.2
041 0 |a slo 
044 |a SK 
245 1 0 |a Zhodnotenie prvého programovacieho obdobia v oblasti čerpania finančných prostriedkov z Európskej únie  |b bakalárska práca  |c Katarína Ondrášková ; školiteľ: Ivana Poluchová 
264 1 |a Bratislava  |c 2011 
300 |a 47 s. 
100 1 |a Ondrášková, Katarína 
700 1 |a Poluchová, Ivana 
710 2 |a Národohospodárska fakulta EU. Katedra sociálneho rozvoja a práce